000 01035cab a2200301 4500
001 ABS52202
008 090401t xxu||||| |||| 00| 0 eng d
035 _a(Sirsi) u65550
041 _aeng
100 _aCain, P.J.
245 4 _aThe economics of low-input farming
260 _c8(12) Winter 1994/95, 541-549(5)
350 _a0
490 _aFarmland Market
_v8(12) Winter 1994/95, 541-549(5)
520 _aExamines the impact of the adoption of low-input and organic systems on farm profit of the main farm types in the UK. Considers a Whole Farm Management Agreement (WFMA) policy intended to compensate for loss of income resulting from lower output. References.
650 _aCAP REFORM
650 _aCOMPENSATION
650 _aFARM INCOMES
650 _aHUSBANDRY SYSTEMS
650 _aLOW-INPUT FARMING
650 _aORGANIC FARMING
650 _aWHOLE FARM MANAGEMENT AGREEMENT
690 _aRURAL PRACTICE
700 _aSaunders, C.M.
700 _aWilcockson, S.J.
942 _n0
948 _c04/03/1997
999 _c40877
_d40877